Catalog

Record Details

Catalog Search



Available copies

  • 1 of 1 copy available at LARL/NWRL Consortium.

Current holds

0 current holds with 1 total copy.

Show Only Available Copies
Location Call Number / Copy Notes Barcode Shelving Location Status Due Date
Bagley Public Library J 296 HES (Text) 33500013042288 Main Available -

Record details

  • ISBN: 9781508106876
  • ISBN: 1508106878
  • ISBN: 9781508107187
  • ISBN: 1508107181
  • ISBN: 9781508107293
  • ISBN: 1508107297
  • Physical Description: 32 pages : illustrations ; 21 cm
  • Edition: First edition.
  • Publisher: New York, NY : Britannica Educational Publishing, in association with Rosen Educational Services, 2019.

Content descriptions

General Note:
Grade level for this book is grades 1-5.
Includes index.
Formatted Contents Note:
1. What Is Judaism? -- 2. Beliefs and practices -- ... Read More
Subject: Judaism > Juvenile literature.
Judaism.
Judaism.
Genre: Juvenile works.
LDR 02030cam a22004938i 4500
001315771
003LARL_NWRL_CONSORTIUM
00520190411142326.0
008180308s2019 nyua j 001 0 eng
010 . ‡a 2018011029
040 . ‡aDLC ‡beng ‡erda ‡cDLC ‡dOCLCF ‡dOCLCO ‡dIUO ‡dFSP ‡dYDX ‡dBDX
019 . ‡a1055913503 ‡a1055915008
020 . ‡a9781508106876 ‡q(library bound)
020 . ‡a1508106878
020 . ‡a9781508107187 ‡q(pbk.)
020 . ‡a1508107181
020 . ‡a9781508107293 ‡q(6 pack)
020 . ‡a1508107297
035 . ‡a(OCoLC)1028582082 ‡z(OCoLC)1055913503 ‡z(OCoLC)1055915008
042 . ‡apcc
08200. ‡a296 ‡223
1001 . ‡aHessel-Mial, Michael, ‡eauthor.
24510. ‡aJudaism / ‡cMichael Hessel-Mial.
250 . ‡aFirst edition.
264 1. ‡aNew York, NY : ‡bBritannica Educational Publishing, in association with Rosen Educational Services, ‡c2019.
300 . ‡a32 pages : ‡billustrations ; 21 cm
336 . ‡atext ‡btxt ‡2rdacontent
337 . ‡aunmediated ‡bn ‡2rdamedia
338 . ‡avolume ‡bnc ‡2rdacarrier
4900 . ‡aLet's find out! Religion
500 . ‡aGrade level for this book is grades 1-5.
500 . ‡aIncludes index.
5050 . ‡a1. What Is Judaism? -- 2. Beliefs and practices -- 3. The Jewish people -- 4. Sacred texts -- 5. The synagogue -- 6. The High Holidays -- 7. The pilgrim festivals -- 8. Shabbat and other celebrations -- 9. Ancient history -- 10. Destruction of the Temple and rabbinic Judaism -- 11. Mysticism and modern Jewish movements -- 12. Antisemitism and Zionism -- 13. The Holocaust and the State of Israel.
650 0. ‡aJudaism ‡vJuvenile literature. ‡0(LARL_NWRL_CONSORTIUM)165824
650 7. ‡aJudaism. ‡2fast ‡0(LARL_NWRL_CONSORTIUM)23903
650 1. ‡aJudaism. ‡0(LARL_NWRL_CONSORTIUM)23903
655 7. ‡aJuvenile works. ‡2fast
901 . ‡a315771 ‡b ‡c315771 ‡tbiblio

Additional Resources